| 000 | 00833nam a22002897a 4500 | ||
|---|---|---|---|
| 001 | 000370 | ||
| 003 | DO-SdBNP | ||
| 005 | 20240416112904.0 | ||
| 007 | 000370 | ||
| 008 | 160817b2006 mx ||| 00| 0 spa d | ||
| 020 | _a9788466369305 | ||
| 040 |
_aBPMSU _bspa _cBPMSU |
||
| 082 | 4 |
_aPe863.5 _bR666a 2006 _222 |
|
| 100 | 1 |
_aRoncagliolo, Santiago, _d1975- _918 |
|
| 245 | 1 | 0 |
_aAbril rojo / _cSantiago Roncagliolo. |
| 250 | _a2 ยช ed. | ||
| 260 |
_aMadrid : _bPunto de Lectura, _c2007. |
||
| 300 |
_a327 p. ; _c20 cm. |
||
| 490 | 0 |
_aPunto de lectura, _v148/2 |
|
| 490 | 1 |
_aPunto de lectura _vNarrativa |
|
| 500 | _a"Premio Alfaguara de Novela 2006"--Cubierta | ||
| 590 | _aInventariado, 2024/VM | ||
| 650 | 4 | _aNovela peruana | |
| 650 | 4 | _aLiteratura peruana | |
| 910 | _aVMateo V. Control de calidad. BPMSU | ||
| 942 |
_2ddc _cBK |
||
| 999 |
_c10748 _d10748 |
||